LEADER 01556nam 2200313 n 450 001 996393301103316 005 20200824121758.0 035 $a(CKB)4940000000111384 035 $a(EEBO)2240961309 035 $a(UnM)99868705e 035 $a(UnM)99868705 035 $a(EXLCZ)994940000000111384 100 $a19940630d1645 uh | 101 0 $aeng 135 $aurbn||||a|bb| 200 10$aTwo ordinances of the Lords and Commons assembled in Parliament$b[electronic resource] $ethe one for the enabling of the Commissioners of the Great Seale, and the other committees in their severall counties, to tender an oath to all such persons, of what degree or quality soever, that shall come into the protection of the Parliament. Together with the said oath to be taken. The other, for the discharging of the members of both Houses from all places military and civill. Die Sabbathi, 4. April.. [sic] 1645. Ordered by the Lords assembled in Parliament, that these ordinances shall be forthwith printed and published. John Brown Cler. Parliamentorum 210 $aLondon $cprinted for Iohn Wright, in the old Bayley.$dApril 7. 1645 215 $a[2], 6 p 300 $aThe ordinances are dated April 3 and 5, 1645. 300 $aReproduction of the original in the British Library. 330 $aeebo-0018 801 0$bCu-RivES 801 1$bCu-RivES 801 2$bCStRLIN 801 2$bWaOLN 906 $aBOOK 912 $a996393301103316 996 $aTwo ordinances of the Lords and Commons assembled in Parliament$92299709 997 $aUNISA LEADER 01157nas 2200385-a 450 001 996335947503316 005 20240413023611.0 035 $a(CKB)110978979784463 035 $a(CONSER)---93648802- 035 $a(EXLCZ)99110978979784463 100 $a19930607b19931998 --- a 101 0 $aeng 181 $ctxt$2rdacontent 182 $cc$2rdamedia 183 $acr$2rdacarrier 200 00$aNew telecom quarterly $eNTQ 210 $aAustin, Tex. $cTechnology Futures, Inc.$d1993- 215 $a1 online resource 300 $aTitle from cover. 311 08$aPrint version: New telecom quarterly : 1070-3683 (DLC)---93648802- (OCoLC)28229403 517 3 $aNTQ 531 0 $aNew telecom q. 606 $aTelecommunication$vPeriodicals 606 $aTelecommunication$2fast$3(OCoLC)fst01145830 608 $aPeriodicals.$2fast 608 $aPeriodicals.$2lcgft 615 0$aTelecommunication 615 7$aTelecommunication. 676 $a384/.05 712 02$aTechnology Futures, Inc. 906 $aJOURNAL 912 $a996335947503316 920 $aexl_impl conversion 996 $aNew telecom quarterly$92391803 997 $aUNISA LEADER 04344nam 22011533 450 001 9910313022603321 005 20260118225300.0 010 $a987-3667-23-7 010 $a987-3667-42-3 024 7 $a10.4000/books.eunrn.244 035 $a(CKB)4960000000012718 035 $a(FrMaCLE)OB-eunrn-244 035 $a(oapen)https://directory.doabooks.org/handle/20.500.12854/48130 035 $a(MiAaPQ)EBC30414662 035 $a(Au-PeEL)EBL30414662 035 $a(PPN)225783029 035 $a(OCoLC)1373984643 035 $a(Perlego)3854284 035 $a(NyNyDIG)DIGEDUNRN0015 035 $a(oapen)doab48130 035 $a(OCoLC)1031323483 035 $a(MdBmJHUP)musev2_120496 035 $a(EXLCZ)994960000000012718 100 $a20230320d2016 uy 0 101 0 $aspa 135 $auu||||||m|||| 181 $ctxt$2rdacontent 182 $cc$2rdamedia 183 $acr$2rdacarrier 200 10$aFronteras Conceptuales / Fronteras Patago?nicas 205 $a1st ed. 210 $cEditorial UNRN 210 1$aBogota :$cUniversidad Nacional de Ri?o Negro,$d2016. 210 4$dA?2016. 215 $a1 online resource (168 p.) 300 $aTitle from content provider. 311 08$a987-825-801-7 311 08$a987-3667-36-9 327 $aEl paisaje vivido y los gradientes deciudadani?a : una reflexio?n desde la ecologi?a poli?tica / Santiago Conti y Paula Nu?nez -- Algunas discusiones teo?ricas : devociones marianas de los migrantes latinoamericanos en San Carlos de Bariloche / Ana Ine?s Barelli -- Mapeando la Patagonia colonial : las cartografi?as de la costa patago?nica a fines del siglo XVIII / Marcia Bianchi Villelli -- La Patagonia en clave ecofeminista : tierras, poblados, habitantes y paisajes como inapropiables / Paula Nu?nez. 330 $aLos textos aqui? reunidos buscan reflexionar acerca de algunas representaciones, discursos y pra?cticas que? construyen el espacio denominado Patagonia. Para ello, los autores parten de marcos teo?rico-metodolo?gicos diversos y transdisciplinares como los estudios subalternos, la teori?a decolonial, las investigaciones de ge?nero, la e?tica ambiental, la geografi?a cultural y religiosa y el ecofeminismo. Los temas abordados son: la relacio?n entre cultura-naturaleza como reflexio?n poli?tica; religiosidad de migrantes latinoamericanos en San Carlos de Bariloche; produccio?n de territorialidad a partir de la cartografi?a colonial; desierto y poli?tica pu?blica en la Patagonia. 606 $aSocial Sciences, Interdisciplinary 606 $aSocial Issues 606 $aborders 606 $adiscourse 606 $ainterculturality 606 $aPatagonia 606 $arepresentations 606 $aspace 606 $adiscursos 606 $aespacio 606 $afronteras 606 $ainterculturalidad 606 $arepresentaciones 606 $adiscours 606 $aespace 606 $ainterculturalite? 606 $afrontie?re 606 $aPatagonie 606 $arepre?sentations 607 $aPatagonia (Argentina and Chile)$xHistory 607 $aPatagonia (Argentina and Chile)$xEnvironmental conditions 608 $aHistory 608 $aElectronic books. 610 $aborders 610 $ainterculturality 610 $arepresentations 610 $aPatagonia 610 $aspace 610 $adiscourse 615 4$aSocial Sciences, Interdisciplinary 615 4$aSocial Issues 615 4$aborders 615 4$adiscourse 615 4$ainterculturality 615 4$aPatagonia 615 4$arepresentations 615 4$aspace 615 4$adiscursos 615 4$aespacio 615 4$afronteras 615 4$ainterculturalidad 615 4$arepresentaciones 615 4$adiscours 615 4$aespace 615 4$ainterculturalite? 615 4$afrontie?re 615 4$aPatagonie 615 4$arepre?sentations 700 $aNu?n?ez$b Paula Gabriela$00 701 $aBarelli$b Ana Ine?s$00 701 $aBianchi Villelli$b Marcia$0608008 701 $aConti$b Santiago$01330984 801 0$bMiAaPQ 801 1$bMiAaPQ 801 2$bMiAaPQ 906 $aBOOK 912 $a9910313022603321 996 $aFronteras Conceptuales$93057585 997 $aUNINA